Las setenta maravillas del mundo antiguo: los grandes monumentos y cómo se construyeron

Guardat en:
Dades bibliogràfiques
Autor principal: Scarre, Chris (Autor)
Format: Llibre
Idioma:espanyol
Publicat: Barcelona Art Blume 2001
Edició:1a. ed
Matèries:
Etiquetes: Afegir etiqueta
Sense etiquetes, Sigues el primer a etiquetar aquest registre!

MARC

LEADER 00000nam a2200000 a 4500
001 UCG1297
003 CL-VaPUC
008 100429e20010000SP |||||||||||||||||spa|d
020 |a 8489396787 
082 0 4 |a 700  |b SCA  |2 21 
100 0 |a Scarre, Chris  |e author  |9 549162 
245 1 4 |a Las setenta maravillas del mundo antiguo: los grandes monumentos y cómo se construyeron 
250 |a 1a. ed 
300 |a 304 p 
942 |c BK 
945 |d 20100429 00:00:00  |a cmena 
260 |a Barcelona  |b Art Blume  |c 2001 
650 0 |a Arquitectura antigua  |9 262616 
650 0 |a Edificios   |9 260501 
650 0 |a Patrimonio cultural  |9 309364 
650 7 |a METODOS DE CONSTRUCCION  |2 CL-VaPUC  |9 549163 
583 |a last modification  |c 20100429 00:00:00  |k Rodrigo Vera 
999 |c 340701  |d 340699 
952 |0 0  |1 0  |4 0  |6 700_000000000000000_SCA_2001  |7 0  |8 C  |9 435671  |a BIBCUR  |b BIBCUR  |d 2019-11-22  |i 4670493  |o 700 SCA 2001  |p 4670493  |r 2025-04-22  |w 2019-11-22  |y BK  |k EXP